000 01609nam a2200373 c 4500
001 58316
003 CO-BoRNBP
005 20250821200814.0
007 ta
008 231009s2019 ck |||g| 000 0|spa |
020 _a9584279041
020 _a9789584279040
040 _aCO-BoRNBP
_bspa
_erda
_cCO-BoRNBP
041 1 _aspa
_hswe
084 _aN
100 _aNiemi, Mikael,
_d1959-
_eaut
_962902
245 1 0 _aCocinar un oso /
_cMikael Niemi ; traducción por Martin Lexell y Mónica Corral Frías.
250 _aPrimera edición
264 1 _aBogotá, Colombia :
_bPlaneta Colombiana S.A.,
_c2019
300 _a511 páginas
336 _atexto
_btxt
_2rdacontent
337 _asin mediación
_bn
_2rdamedia
338 _avolumen
_bnc
_2rdacarrier
490 0 _aSeix Barral. Biblioteca formentor
520 3 _aVerano de 1852. Em el profundo norte de Suecia, el pastor Lars Levi Laestadius y el joven Jussu, de origen sami, descubren en el bosque el rastro de una joven. Los peores presagios se cumplen cuando hallan su cuerpo sin vida poco después. El caso parece estar claro: el juez Brahe declara que su brutal brutal muerte ha sido obra de un oso, pero Laestadius, experto botánico y con gran ojo para los detalles, alberga serias dudas al respecto
534 _tKoka björn
650 0 4 _aLiteratura sueca
_ySiglo XX
_2LEMB
_962903
650 0 7 _aNovela histórica
_2lemb
_92116
650 0 4 _aNovela sueca
_ySiglo XX
_2LEMB
_962904
650 0 7 _aSecretos en la literatura
_2lemb
_962905
700 _aCorral Frías, Mónica
_962906
700 _aLexel, Martín
_etrl
_962907
942 _2loc
_cBKLIT
999 _c58316
_d58316